Lo que usted debe saber de impuestos en el 2019 : (Registro nro. 4556)
[ vista simple ]
| 000 -LEADER | |
|---|---|
| fixed length control field | 01139nam a2200241Ia 4500 |
| 003 - CONTROL NUMBER IDENTIFIER | |
| control field | OSt |
| 005 - DATE AND TIME OF LATEST TRANSACTION | |
| control field | 20200702181457.0 |
| 008 - FIXED-LENGTH DATA ELEMENTS--GENERAL INFORMATION | |
| fixed length control field | 191128t2019 ck fr 000 0 spa d |
| 020 ## - INTERNATIONAL STANDARD BOOK NUMBER | |
| International Standard Book Number | 9789585779266 |
| 040 ## - CATALOGING SOURCE | |
| Original cataloging agency | CO-JMCR |
| Transcribing agency | CO-JMCR |
| 041 0# - LANGUAGE CODE | |
| Language code of text/sound track or separate title | spa |
| 082 04 - DEWEY DECIMAL CLASSIFICATION NUMBER | |
| Classification number | 336.20986 / |
| Item number | C348l |
| Edition number | 23 |
| 100 1# - MAIN ENTRY--PERSONAL NAME | |
| Personal name | Castelblanco, Jorge, |
| Relator term | autor |
| 9 (RLIN) | 6564 |
| 245 10 - TITLE STATEMENT | |
| Title | Lo que usted debe saber de impuestos en el 2019 : |
| Remainder of title | comentarios a la Ley 1943 de 2018 / |
| Statement of responsibility, etc. | Jorge E. Castelblanco, Pedro E. Sarmiento P. y Juan Carlos Arbeláez M. [y otros 20] |
| 260 ## - PUBLICATION, DISTRIBUTION, ETC. | |
| Place of publication, distribution, etc. | Bogotá : |
| Name of publisher, distributor, etc. | Crowe, |
| Date of publication, distribution, etc. | 2019 |
| 300 ## - PHYSICAL DESCRIPTION | |
| Extent | 294 páginas ; |
| Dimensions | 24 cm. |
| 505 0# - FORMATTED CONTENTS NOTE | |
| Formatted contents note | Mecanismos de financiamiento en el impuesto a las ventas y facturación -- Normas de financiamiento en el impuesto sobre la renta -- Impuesto al patrimonio, normalización y dividendos -- Medidas para combatir la evasión y abuso en materia tributaria |
| 650 14 - SUBJECT ADDED ENTRY--TOPICAL TERM | |
| Topical term or geographic name entry element | Ley 1943 de 2018 |
| General subdivision | comentarios reforma tributaria |
| Geographic subdivision | Colombia |
| 9 (RLIN) | 6565 |
| 650 14 - SUBJECT ADDED ENTRY--TOPICAL TERM | |
| Topical term or geographic name entry element | Legislación tributaria |
| Geographic subdivision | Colombia |
| 9 (RLIN) | 6566 |
| 700 1# - ADDED ENTRY--PERSONAL NAME | |
| Personal name | Sarmiento P., Pedro E., |
| Relator term | autor |
| 9 (RLIN) | 6567 |
| 700 1# - ADDED ENTRY--PERSONAL NAME | |
| Personal name | Arbeláez M., Juan Carlos, |
| Relator term | autor |
| 9 (RLIN) | 6568 |
| 942 ## - ADDED ENTRY ELEMENTS (KOHA) | |
| Source of classification or shelving scheme | Dewey Decimal Classification |
| Koha item type | Books |
| Withdrawn status | Lost status | Source of classification or shelving scheme | Damaged status | Not for loan | Collection code | Home library | Current library | Date acquired | Source of acquisition | Cost, normal purchase price | Total Checkouts | Full call number | Barcode | Date last seen | Copy number | Koha item type | Public note |
|---|---|---|---|---|---|---|---|---|---|---|---|---|---|---|---|---|---|
| Dewey Decimal Classification | Non-fiction | Biblioteca Pública José María del Castillo y Rada | Biblioteca Pública José María del Castillo y Rada | 05/27/2019 | Donación | 0.00 | 336.20986 / C348l | 201809442 | 05/16/2024 | Ej.1 | Books | Dedicatoria y rúbrica del autor Pedro E. Sarmiento P. |